Подробности
| 000 -МАРКЕР |
| контрольное поле |
01857nam0a2200409 4500 |
| 001 - ИДЕНТИФИКАТОР ЗАПИСИ |
| контрольное поле |
RU\NLR\bibl\338257 |
| 005 - ИДЕНТИФИКАТОР ВЕРСИИ |
| контрольное поле |
20260409075123.0 |
| 010 ## - МЕЖДУНАРОДНЫЙ СТАНДАРТНЫЙ НОМЕР КНИГИ (ISBN) |
| Номер (ISBN) |
5-7084-0230-X |
| Уточнения |
В пер. |
| Тираж |
1000 |
| 020 ## - НОМЕР ДОКУМЕНТА В НАЦИОНАЛЬНОЙ БИБЛИОГРАФИИ |
| Код страны |
российская федерация |
| Номер |
02-6741467414 |
| Основное заглавие издания Российской книжной палаты |
Книжная летопись |
| 021 ## - НОМЕР ГОСУДАРСТВЕННОЙ РЕГИСТРАЦИИ |
| Код страны |
российская федерация |
| Номер |
2002-39566 |
| Номер Листа государственной регистраци |
1930 |
| 035 ## - ДРУГИЕ СИСТЕМНЫЕ НОМЕРА |
| Идентификатор записи |
(NLR Aleph) 000333149 |
| 100 ## - ДАННЫЕ ОБЩЕЙ ОБРАБОТКИ |
| Данные общей обработки |
20021104d2002 |||y0rusy50 ca |
| 101 0# - ЯЗЫК РЕСУРСА |
| Язык текста, звукозаписи и т.д. |
русский |
| 102 ## - СТРАНА ПУБЛИКАЦИИ ИЛИ ПРОИЗВОДСТВА |
| Страна публикации |
российская федерация |
| 105 ## - ПОЛЕ КОДИРОВАННЫХ ДАННЫХ: ТЕКСТОВЫЕ МАТЕРИАЛЫ, МОНОГРАФИЧЕСКИЕ |
| Кодированные данные о монографическом текстовом документе |
a ||||||||| |
| 200 1# - ЗАГЛАВИЕ И СВЕДЕНИЯ ОБ ОТВЕТСТВЕННОСТИ |
| Основное заглавие |
Неклассическое воспитание |
| Сведения, относящиеся к заглавию |
От авторитар. педагогики к педагогике свободы |
| -- |
[Статьи. Воспоминания] |
| Первые сведения об ответственности |
О. С. Газман |
| Последующие сведения об ответственности |
Науч.-пед. об-ние "Шк. самоопределения" |
| 210 ## - ПУБЛИКАЦИЯ, РАСПРОСТРАНЕНИЕ И ДР. |
| Место издания, распространения и т.д. |
М. |
| Имя издателя, распространителя и т. д. |
МИРОС |
| Дата издания, распространения и т.д. |
2002 |
| 215 ## - ФИЗИЧЕСКАЯ ХАРАКТЕРИСТИКА |
| Специфическое обозначение материала и объем |
294,[1] с. |
| Другие сведения о физической характеристике |
портр. |
| Размеры |
22 |
| 320 ## - ПРИМЕЧАНИЯ О НАЛИЧИИ В ДОКУМЕНТЕ БИБЛИОГРАФИИ / УКАЗАТЕЛЯ |
| Текст примечания |
Библиогр. в тексте |
| 327 1# - ПРИМЕЧАНИЯ О СОДЕРЖАНИИ |
| Текст примечания |
В кн. также: В кольце друзей : Воспоминания об Олеге Газмане и его рассказ о друге |
| 606 0# - НАИМЕНОВАНИЕ ТЕМЫ КАК ПРЕДМЕТ |
| Наименование темы |
Школа |
| Тематический подзаголовок |
Воспитательная работа |
| Системный номер авторитетной/нормативной записи |
1287420 |
| Идентификатор авторитетной/нормативной записи |
RU\NLR\auth\66214095 |
| 606 ## - НАИМЕНОВАНИЕ ТЕМЫ КАК ПРЕДМЕТ |
| Наименование темы |
Школы |
| Тематический подзаголовок |
Воспитательная работа |
| Идентификатор авторитетной/нормативной записи |
RU\NLR\auth\661394186 |
| Системный номер авторитетной/нормативной записи |
2331490 |
| 610 0# - НЕКОНТРОЛИРУЕМЫЕ ПРЕДМЕТНЫЕ ТЕРМИНЫ |
| Предметный термин |
Дети - Воспитание - Психологические основы |
| 610 0# - НЕКОНТРОЛИРУЕМЫЕ ПРЕДМЕТНЫЕ ТЕРМИНЫ |
| Предметный термин |
Учебно-воспитательная работа в школе - Психологические основы |
| 675 ## - УНИВЕРСАЛЬНАЯ ДЕСЯТИЧНАЯ КЛАССИФИКАЦИЯ (UDC/УДК) |
| Индекс |
373.5 |
| Издание |
3 |
| Язык издания |
rus |
| 686 ## - ИНДЕКСЫ ДРУГИХ КЛАССИФИКАЦИЙ |
| Индекс |
14.23 |
| Код системы |
|
| 686 ## - ИНДЕКСЫ ДРУГИХ КЛАССИФИКАЦИЙ |
| Индекс |
74.200 |
| Код системы |
|
| 686 ## - ИНДЕКСЫ ДРУГИХ КЛАССИФИКАЦИЙ |
| Индекс |
Ч421.3 |
| 700 #1 - ИМЯ ЛИЦА - ПЕРВИЧНАЯ ОТВЕТСТВЕННОСТЬ |
| Начальный элемент ввода |
Газман |
| Часть имени, кроме начального элемента ввода |
О. С. |
| Даты |
1936-1996 |
| Расширение инициалов личного имени |
Олег Семенович |
| Код отношения |
Автор |
| 801 #0 - ИСТОЧНИК ЗАПИСИ |
| Страна |
российская федерация |
| Организация |
RKP |
| Дата составления |
20021104 |
| Правила каталогизации |
PSBO |
| 801 #1 - ИСТОЧНИК ЗАПИСИ |
| Страна |
российская федерация |
| Организация |
RKP |
| Дата составления |
20021104 |
| 801 #2 - ИСТОЧНИК ЗАПИСИ |
| Страна |
российская федерация |
| Организация |
NLR |
| Дата составления |
20101216 |
| Правила каталогизации |
rcr |
| 830 ## - ОБЩЕЕ ПРИМЕЧАНИЕ, СОСТАВЛЕННОЕ КАТАЛОГИЗАТОРОМ |
| Текст примечания |
Авт. по кн. |
| 942 ## - ДОПОЛНИТЕЛЬНЫЕ ЭЛЕМЕНТЫ ЗАПИСИ (АБИС) |
| Тип экземпляра АБИС |
Книга |
| 980 ## - КОЛЛЕКЦИЯ |
| Название коллекции |
Национальная библиография |